Sporcle's Easiest Miscellaneous Quiz Stats

 Plays Quiz Updated Sep 24, 2015

Challenge
Share
Tweet
Embed
Score 0/30 Timer 05:00
13 Plays Today
Hint Answer % Correct
Most Popular PetsDog
97.8%
Most Popular PetsCat
97.7%
Fast Food RestaurantsMcDonald's
96.4%
Most Killed/Eaten AnimalsCow
95.9%
Carbonated BeveragesCoca-Cola
95.7%
Most Killed/Eaten AnimalsChicken
91.6%
Most Killed/Eaten AnimalsPig
90.7%
Fast Food RestaurantsBurger King
90.1%
Carbonated BeveragesPepsi-Cola
88.1%
Most Popular PetsFish
85.8%
Carbonated BeveragesSprite
79.8%
NATO Phonetic AlphabetAlpha
74.6%
Baby Names: Boys (2000s)John
71.7%
Most Popular PetsBird
63.1%
Most Killed/Eaten AnimalsSheep
61.8%
Hint Answer % Correct
Carbonated BeveragesDr Pepper
58.7%
NATO Phonetic AlphabetCharlie
57.8%
Fast Food RestaurantsTaco Bell
56.1%
NATO Phonetic AlphabetDelta
55.6%
Most Popular PetsSnake
53.6%
Carbonated BeveragesMountain Dew
51.2%
Baby Names: Boys (2000s)Michael
50.9%
NATO Phonetic AlphabetBravo
50.7%
Fast Food RestaurantsSubway
48.7%
Baby Names: Boys (2000s)James
48.6%
Most Killed/Eaten AnimalsTurkey
46.9%
NATO Phonetic AlphabetFoxtrot
44.8%
Baby Names: Boys (2000s)Matthew
35.6%
Fast Food RestaurantsPizza Hut
35.1%
Baby Names: Boys (2000s)William
31.6%

You're not logged in!

Compare scores with friends on all Sporcle quizzes.
Join for Free
OR
Log In

You Might Also Like...

Show Comments

Extras

Top Quizzes Today


Score Distribution

Your Account Isn't Verified!

In order to create a playlist on Sporcle, you need to verify the email address you used during registration. Go to your Sporcle Settings to finish the process.

Report this User

Report this user for behavior that violates our Community Guidelines.

Details: